[Event "Zonal Lvov"]
[Site "Lvov"]
[Date "1978.??.??"]
[Round "11"]
[White "Balashov, Yuri S"]
[Black "Geller, Efim P"]
[Result "1-0"]
[WhiteElo "2590"]
[BlackElo "2590"]
[Annotator "Moiseev,V"]
[PlyCount "88"]
[EventDate "1978.04.??"]
[EventType "tourn"]
[EventRounds "15"]
[EventCountry "URS"]
[EventCategory "13"]
[SourceTitle "MCL"]
[Source "ChessBase"]
[SourceDate "1999.07.01"]
[SourceVersion "1"]
[SourceVersionDate "1999.07.01"]
[SourceQuality "1"]

1. e4 c5 2. Nf3 d6 3. d4 cxd4 4. Nxd4 Nf6 5. Nc3 g6 6. Be2 Bg7 7. O-O O-O 8.
Bg5 Nc6 9. Nb3 Be6 10. Kh1 (10. Re1 $5 a5 $5 (10... Rc8) 11. Bb5 $1 Nd7 12. Nd5
Re8 13. c3 a4 14. Nd2 (14. Nd4 $5 Nxd4 15. cxd4 Bxd5 16. exd5 a3 17. b4 $14 {
Kupreichik/}) 14... Nb6 15. Nf3 $14 {Kupreichik,V-Velimirovic,D/JUG/1993/1:0/})
10... a5 11. a4 Rc8 (11... Nd7 12. f4 Nb6 13. f5 Bc4 14. Bxc4 Nxc4 15. Qe2 Nb6
16. Qb5 Nd4 17. Nxd4 Bxd4 18. Rad1 Bg7 19. Be3 $16 {Karpov,An-Sosonko,G/Bad
Lauterberg/1977/1:0/45/}) 12. f4 (12. Re1 {N} Nb4 13. Nd4 Bd7 14. Ndb5 Bxb5 15.
Bxb5 Qb6 16. Qe2 Qc5 17. Be3 Qh5 18. Bb6 Qxe2 19. Rxe2 Ra8 20. Nd1 Nc6 21. c3
d5 22. exd5 Nxd5 23. Bc5 $14 {Renet,O-Petursson,N/Marseille/1988/}) 12... Nb4
13. Nd4 Bc4 14. Ndb5 d5 $5 (14... Qb6 15. Bxc4 $5 (15. Bh4) 15... Rxc4 16. Qe2
Rfc8 17. Rad1 Qc5 18. e5 $5 (18. f5 $1 Nc6 19. Bxf6 $1 Bxf6 20. fxg6 hxg6 21.
Nxd6 $16 {King,D}) 18... dxe5 19. fxe5 Ng4 $13 {King,D-Wilder,M/Dortmund/1988/
1:0/53/}) 15. Bxc4 Rxc4 16. Bxf6 Bxf6 17. exd5 Qb8 $6 (17... Rc5 $5 18. d6 (18.
Qf3 Nxd5 19. Rad1 e6 $14) 18... exd6 19. Nxd6 Bxc3 20. Nxb7 $1 Qxd1 21. Rfxd1 (
21. Raxd1 Rc7 22. bxc3 Rxb7 23. cxb4 Rxb4 $10) 21... Rc7 22. bxc3 Nxc2 $14) 18.
Qe2 $1 $14 (18. Qd2 Rd8 $44) 18... Rxf4 19. d6 $1 Rxf1+ 20. Rxf1 Qd8 21. Rd1 (
21. Ne4 Be5 $1 $13 (21... Bxb2 $2 22. c3 $18) (21... Bg7 22. Nc5 exd6 23. Nxb7
$16)) 21... exd6 22. Rxd6 Qe7 23. Qxe7 Bxe7 24. Rd7 Bf6 25. Ne4 $1 (25. Rxb7 $6
Re8) 25... Bxb2 26. c3 $1 Nc6 27. Rxb7 Rd8 28. g3 Ne5 29. Kg2 f5 $2 (29... Rd3
$1 $14) 30. Nf6+ $18 Kf8 31. Nxh7+ Kg8 32. Nd4 Rd6 (32... Bxc3 $4 33. Nf6+ Kf8
34. Ne6#) 33. Rxb2 Kxh7 34. Rb5 Nc4 35. Kf2 Rd7 36. Ke2 Re7+ 37. Kd3 Ne5+ 38.
Kc2 Ng4 39. Rxa5 Nxh2 40. Rb5 Nf1 41. a5 Ra7 42. Nc6 Rc7 43. Nb4 Ne3+ 44. Kd3
Nc4 1-0

[Event "Olympiad-31"]
[Site "Moscow"]
[Date "1994.12.08"]
[Round "7.1"]
[White "Ye, Jiangchuan"]
[Black "Ljubojevic, Ljubomir"]
[Result "0-1"]
[WhiteElo "2575"]
[BlackElo "2580"]
[Annotator "Moiseev,V"]
[PlyCount "98"]
[EventDate "1994.12.01"]
[EventType "team-swiss"]
[EventRounds "14"]
[EventCountry "RUS"]
[SourceTitle "CBM 045"]
[Source "ChessBase"]
[SourceDate "1995.04.01"]
[SourceVersion "1"]
[SourceVersionDate "1995.04.01"]
[SourceQuality "1"]
[WhiteTeam "China"]
[BlackTeam "Serbia & Montenegro"]
[WhiteTeamCountry "CHN"]
[BlackTeamCountry "YUG"]

1. e4 {Hecht} c5 2. Nf3 d6 3. d4 cxd4 4. Nxd4 Nf6 5. Nc3 Nc6 6. Be2 g6 7. O-O
Bg7 8. Nb3 O-O 9. Bg5 Be6 (9... a5) (9... a6) 10. f4 (10. Kh1) 10... b5 (10...
Na5) 11. Bf3 (11. f5 $5) 11... b4 12. Nd5 a5 $5 (12... Bxd5 13. exd5 Na5 14.
Qe2 Qb6+ 15. Kh1 Rac8 16. Nxa5 Qxa5 17. a3 Rc7 18. axb4 Qxb4 19. c3 Qc5 20. Qd2
Rb8 {King,D-Kraehenbuehl,G/Luzern/1989/0,5/20/}) 13. a4 $6 {N/} (13. Nxf6+ exf6
14. Bh4 a4 15. Nc1 a3 16. b3 g5 17. Bf2 f5 $17 {Silva,F-Almeida,R/Almada/1988/
Inf 46/271/}) 13... bxa3 14. Rxa3 a4 $15 15. Bxf6 (15. Nd4 $4 Nxd4 16. Qxd4
Nxd5 $19) 15... Bxf6 $1 (15... exf6 $5 16. Nd4 Nxd4 17. Qxd4 f5 $15) 16. Nxf6+
exf6 17. Nd4 Qb6 18. c3 Bb3 $5 (18... Qxb2 $6 19. Rxa4 (19. Nxe6 $2 Qxa3 20.
Nxf8 Rxf8 $17) 19... Bb3 $5 (19... Qxc3 20. Rxa8 Rxa8 21. Nxe6 fxe6 22. Qxd6)
20. Qa1 $1 Qxa1 21. Raxa1 $10) 19. Qd2 Rab8 (19... Na5 $6 20. Qf2 Nc4 21. Raa1)
20. Raa1 Nxd4 21. cxd4 (21. Qxd4 $6 Qxd4+ 22. cxd4 Rb4 23. d5 Rc8 $17) 21...
Qb4 22. Qf2 (22. Qe3 $6 Rfc8 23. Rf2 Bc2 $1 24. Rc1 Qxb2 25. Qd2 a3 26. Rxc2
Rxc2 27. Qxc2 Qxc2 28. Rxc2 Rb1+ 29. Kf2 Rb2 $19) 22... Rfc8 23. Rfc1 Rc4 24.
Rxc4 Qxc4 25. e5 (25. d5 Bc2 $19) 25... fxe5 26. fxe5 Rb4 (26... dxe5 $5 27.
dxe5 Bc2 $17) 27. Bd1 Qxd4 $17 28. Bxb3 axb3 29. exd6 (29. Ra8+ $2 Kg7 30. Qxd4
Rxd4 31. exd6 Rxd6 32. Rb8 Rd1+ 33. Kf2 Rd2+ $19) 29... Qxd6 30. h3 Re4 31. Rf1
Qe7 32. Rd1 Re3 33. Qf4 h5 34. Rd8+ Qxd8 35. Qxe3 Qd5 36. Kf2 {White doesn't
manage vera well defending against the threat to exchange Qs.} (36. h4 $5 {
Hecht: White needs more space!}) 36... h4 37. Qc3 g5 (37... Qe6 38. Qd4 g5 $17)
38. Qf6 Kf8 (38... Kh7 $1) 39. Kf1 Ke8 40. Kf2 Kd7 41. Kf1 Ke8 42. Kf2 Kf8 43.
Kf1 Kg8 44. Kf2 Kh7 45. Ke3 (45. Kg1 Qc5+ 46. Kh2 (46. Kf1 Qc1+ 47. Kf2 Qc2+
48. Kg1 Qg6 $17) 46... Qc7+ 47. Kg1 Qc1+ 48. Kh2 Qf4+ 49. Qxf4 gxf4 50. Kg1 Kg6
51. Kf2 Kf5 52. Kf3 f6 53. Kf2 Ke4 54. Ke2 f3+ 55. gxf3+ Kf4 56. Kf2 f5 57. Ke2
Kg3 58. Ke3 Kxh3 59. Kf2 f4 $19) 45... Qc4 46. Kf2 $6 (46. Qxg5 $4 Qc1+) (46.
Qf5+ $142 Kh6 47. Qf6+ Kh5 48. Qh8+ (48. Qf3+ Kg6 $17) (48. Kd2 Qc2+ 49. Ke3
Qg6 50. Qh8+ Qh6 $17) 48... Kg6 49. Qg8+ Kf6 50. Qh8+ Ke7 $17 51. Qe5+ $4 Qe6
$19) 46... Qc2+ 47. Kf3 (47. Kg1 $5 {Hecht}) 47... Qg6 48. Qe5 Qc6+ 49. Kf2 Kg6
$19 (49... Kg6 50. Qd4 (50. Qb8 {Hecht} Qf6+ 51. Kg1 Qxb2 52. Qb6+ f6 53. Qe6
Qd4+ 54. Kf1 b2 55. Qg8+ Kf5 56. Qh7+ Kf4 57. Qc7+ Ke3 58. Qe7+ Kd2 59. Qe2+
Kc1 $19) 50... Qf6+ $19) (49... Kg6 50. Qe2 Qc2 $19) (49... Kg6 50. Kg1 Qc1+
51. Kf2 Qf4+ 52. Qxf4 gxf4 53. Ke2 (53. Kf3 Kf5 $19) 53... Kf5 54. Kd3 (54. Kf3
f6 $19) 54... f3 55. gxf3 Kf4 56. Kc3 Kg3 $1 57. Kxb3 Kxh3 58. Kc4 Kg3 $19) 0-1

[Event "Tata Steel-A 77th"]
[Site "Wijk aan Zee"]
[Date "2015.01.16"]
[Round "6"]
[White "Hou, Yifan"]
[Black "Wojtaszek, Radoslaw"]
[Result "1/2-1/2"]
[WhiteElo "2673"]
[BlackElo "2744"]
[Annotator "Mokal,P"]
[PlyCount "70"]
[EventDate "2015.01.10"]
[EventType "tourn"]
[EventRounds "13"]
[EventCountry "NED"]
[EventCategory "20"]
[SourceTitle "CBM 165"]
[Source "ChessBase"]
[SourceDate "2015.03.11"]
[SourceVersion "1"]
[SourceVersionDate "2015.03.11"]
[SourceQuality "1"]

1. e4 c5 2. Ne2 Nf6 3. Nbc3 d6 4. g3 Nc6 5. Bg2 g6 6. d4 cxd4 7. Nxd4 Nxd4 8.
Qxd4 Bg7 9. e5 {This is a surprise weapon that was used thrice in 2014 by
Vladimir Onischuk. Although one of them is a blitz game (from the World Blitz
Championship) his 100% score in the three games is very likely to have
prompted research into this variation.} Nd7 ({The game from the World Blitz
Championship went} 9... dxe5 10. Qxd8+ Kxd8 11. Be3 Ng4 $6 (11... Kc7 $5 12.
Bc5 (12. Nb5+ Kb8 13. O-O-O Bd7 14. Nc3 Kc7 $15) 12... Bf8 (12... Bd7 13. Bxe7
Bc6 14. Bxc6 bxc6 15. O-O-O Rhe8 16. Bd6+ Kb7 17. Rhe1 $14) 13. Nb5+ Kb8 14.
O-O-O $36) 12. Bc5 (12. O-O-O+ $142 Kc7 13. Nd5+ Kb8 14. Bc5 $16) 12... Bd7 13.
h3 Nf6 14. O-O-O Kc8 15. Bxe7 Re8 16. Bxf6 Bxf6 17. Bxb7+ Kxb7 18. Rxd7+ Kc6
19. Rxf7 Rf8 20. Rxf8 Rxf8 21. Ne4 Be7 22. Rd1 g5 23. c4 h5 24. Rd5 h4 25. Rxe5
Bd8 26. b4 Rf3 27. a4 a6 28. Re6+ Kc7 29. Rxa6 {1-0 Onischuk,V (2594)-Nielsen,
P (2654)/Dubai 2014/CBM 160 Extra}) ({An untested alternative is} 9... Ng4 $5
10. f4 dxe5 (10... Nh6 11. O-O Nf5 12. Qf2 (12. Qe4 O-O $132) 12... dxe5 13.
Rd1 $44) 11. Qxd8+ Kxd8 12. h3 Nf6 13. fxe5 Nd7 14. e6 fxe6 15. Bd2 $14 {
[%csl Rd8,Re6,Re7][%cal Ge1c1]}) 10. Qa4 O-O (10... dxe5 11. Be3 $36 {
preparing either Rd1 or 0-0-0.}) (10... Bxe5 11. Bh6 $44 {[%csl Re8]}) 11. exd6
Nb6 $146 {A novelty, but a move that cannot be too hard to find. With this
move Black readies himself for an easy endgame where the defects in pawn
structure will be compensated for by active pieces and counter-attacking
chances.} ({Previously against Onischuk, Black had accepted a weak pawn
structure with Qs on the board.} 11... exd6 12. O-O Nb6 13. Qb4 a5 14. Qf4 Be5
15. Qf3 Bf5 16. Bf4 Re8 17. Bxe5 Rxe5 18. Qxb7 $14 {White has a pleasant edge.}
Rb8 19. Qa7 Bxc2 20. Rac1 Bf5 21. Rfd1 Rc8 22. Re1 Rcc5 23. Rxe5 Rxe5 24. h3 h5
25. Rd1 Rc5 26. h4 d5 27. a4 Be6 28. Ne4 Qc7 29. Nf6+ Kf8 30. Qa6 Rc1 31. Rxc1
Qxc1+ 32. Kh2 Qxb2 33. Qxa5 Qxf2 34. Qa7 Qxf6 35. Qxb6 Kg7 36. a5 Bc8 37. Qxf6+
Kxf6 38. Bxd5 g5 39. Kg2 gxh4 40. gxh4 Kf5 41. Kg3 Kg6 42. Kf4 f6 43. Be4+ Kg7
44. Bf5 Ba6 45. Ke3 Kf7 46. Kd4 Bb7 47. Be4 Bc8 48. Bf3 Kg6 49. Be2 Kh6 50. Bb5
Bb7 51. Be8 Ba6 52. Kc5 Bc8 53. Kd6 {1-0 Onischuk,V (2594)-Tolnai,T (2469)/
Zalakaros 2014/CBM 160 Extra}) (11... Nc5 12. Qa3 $1 exd6 13. O-O Bf5 14. Bf4
$14 {[%csl Rd6]} Bxc2 $6 15. Rac1 Bf5 16. Rcd1 Bd3 17. Rfe1 Qb6 18. Nd5 Qxb2
19. Qxb2 Bxb2 20. Bxd6 Rfd8 21. Bxc5 Bc2 22. Be7 Bxd1 23. Bxd8 Rxd8 24. Rxd1 {
1-0 Onischuk,V (2593)-Miroshnichenko,E (2602)/Kocaeli 2014/CBM 162 Extra}) 12.
Qf4 Qxd6 13. Qxd6 exd6 14. O-O Nc4 ({Another good try for equality is} 14...
Bf5 $5 {Sample variations are} 15. Bxb7 (15. Re1 Rfe8 (15... Nc4 16. Bxb7 Rab8
17. Re7 Rfe8 18. Rxe8+ Rxe8 19. Bf4 Nxb2 20. Bc6 Rb8 $15) 16. Bf4 Bxc3 (16...
Nc4 17. Bxb7 Rab8 18. Bd5 Nxb2 19. Nb5 $1 $14) 17. bxc3 d5 $11 {[%csl Rc2]} 18.
a4 Be4 19. a5 Nc4 20. Bxe4 dxe4 21. Ra4 Rac8 22. Rb1 b6 23. axb6 axb6 $11)
15... Rab8 16. Ba6 Bxc2 $11) 15. Nd5 {White's best bet for an advantage.} Bxb2
16. Bxb2 Nxb2 17. Rfb1 {I wonder if this is psychological. In the second round
Hou Yifan had made a pawn sacrifice which could have been recovered
comfortably for equality. While trying to maintain the pressure instead of
taking back the pawn, she messed up and lost the game. On this day she does
not take the risk and recovers the pawn immediately.} ({White could have kept
pressing a bit with} 17. Rfe1 Nc4 (17... Bf5 18. Ne7+ Kg7 19. Nxf5+ gxf5 20.
Rab1 $16) (17... Be6 18. Rab1 Na4 19. Rxb7 $16 {[%csl Ra7,Rg8][%cal Gg2a8]})
18. Re7 (18. Re4 Ne5 19. Rb1 $14) 18... Rb8 (18... Kg7 19. Nc7 Rb8 20. Ne8+ {
transposes}) 19. Nf6+ Kg7 20. Ne8+ Kg8 21. Rae1 $14 {[%cal Gg2d5]}) 17... Na4
18. Nc7 (18. Ne7+ Kg7 19. Nxc8 Raxc8 20. Rxb7 a5 21. Ra7 (21. Rc1 Nc3 $15)
21... Rxc2 22. Rxa5 Nc3 $11) 18... Rb8 19. Na6 Ra8 20. Bxb7 Bxb7 (20... Nc3 21.
Rb4 Bxb7 22. Rxb7 Rfe8 $11) 21. Rxb7 Rfc8 22. Re1 Nc5 (22... Rxc2 23. Ree7 Rf8
24. Rxa7 Nc3 (24... Rxa2 25. Nb4 Ra1+ 26. Kg2 $16 {[%csl Ra4]}) 25. Nb4 Rb2 26.
Nd3 (26. a3 Nd1 $132) 26... Rxa2 27. Rxa2 Nxa2 28. Rd7 $11) 23. Nxc5 Rxc5 24.
Ree7 Rf5 25. Rbc7 (25. Rxa7 Rxa7 26. Rxa7 Rc5 27. a4 Rxc2 $11 {is an easy draw.
}) 25... a5 26. Kg2 Rb8 27. a3 Rbb5 28. f4 h5 29. Kf3 Kg7 30. Ke3 Rb1 31. Kf3
Rf1+ 32. Kg2 Rd1 33. Kf3 Rf1+ 34. Kg2 Rd1 35. Kf3 Rf1+ 1/2-1/2

[Event "Sigurd Svedenborg Memorial"]
[Site "Narvik"]
[Date "1979.09.01"]
[Round "8"]
[White "Johannessen, Svein"]
[Black "Pytel, Krzysztof"]
[Result "1-0"]
[WhiteElo "2390"]
[BlackElo "2435"]
[Annotator "Niklasson,C"]
[PlyCount "103"]
[EventDate "1979.08.??"]
[EventType "swiss"]
[EventRounds "9"]
[EventCountry "NOR"]
[SourceTitle "EXT 2002"]
[Source "ChessBase"]
[SourceDate "2001.11.25"]
[SourceVersion "1"]
[SourceVersionDate "2001.11.25"]
[SourceQuality "1"]

1. e4 c5 2. Nf3 d6 3. g3 $5 {Ett ovanligt drag som håller flera möjligheter
öppna. Spelet kan senare länkas över i slutet sicilianskt eller Paulsen
beroende på hur svart ställer upp sig. Speciellt mot en teorikunnig spelare
som Pytel kan det vara pstkologiskt riktig att undvika de allt för utforskade
stigarna.} Nf6 4. Nc3 g6 $1 {I "draken" är g2-g3 en ganska tam fortsättning,
så svart gör säkert rätt i att fianchettera sin kungslöpare.} 5. Bg2 Bg7 6. d4
{Redan i detta tidiga skede av partiet står svart innför ett val som sätter
sin prägel på hela det kommande kampförloppet: att öppna spelet med 6.d2-d4
eller välja ett mer slutet spelsätt med 6.0-0 och d2-d3 för att senare
fortsätta med Nf3-h4 och f2-f4.} cxd4 7. Nxd4 O-O 8. O-O Bd7 9. h3 Nc6 10. Nde2
{Vit har en viss terrängfördel i centrum då han beherskat fältet d5, och det
är kring denna punkt vit bygger sin strategi. Genom att dra springaren till e2
tjänar han två syften: a) möjligheten att öka kontrollen av d4 med Ne2-f4, b)
genom att löparen har fianchetterats till g2 är fältet c4 försvagat. Nu finns
möjligheten b2-b3 då Nc3 är garderat. Men svart har inga påtagliga svagheter
och kommer nu att som så ofta i Sicilianskt trycka längs c-linjen och
expandera med damflygelbönderna (a7-a6 och b7-b5). Chanserna väger jämnt.} a6
11. g4 {Logiskt. Vit hotar nu g4-g5 vilket skulle öka terrängfördelen och
kontrollen av d5. Svart måste därför försvaga kungsställningen något.} h6 12.
Be3 Ne5 13. b3 g5 $2 ({En allvarlig strategisk felbedömning som på ett
ödesdigert sätt försvagar den egne ställningen. Tanken bakom draget är att
kunna säkra e5-springarens starka ställning, men han betalat ett alldeles för
högt pris, vilket "Lama" i fortsättningen övertygande visar. Varför är g6-g5
en så allvarlig försvagning när vit kan kosta på sig att spela g3-g4? Svaret
står att finna i det faktum att vit har möjlighet att öppna spelet med f2-f4
medan svart inte hat motsvarande möjlighet till att genomföra f7-f5. Jämvikten
upprätthålles med} 13... Bc6 {, som lämnar d7-fältet fritt för springaren och
möjliggör e7-e6 i ett senare skede, t.ex.} 14. f4 (14. Nd5 Ned7 {följt av
e7-e6=}) 14... Ned7 15. Nd4 (15. Nd5 e6 16. Nxf6+ Nxf6 $11) 15... Rc8 16. Nxc6
bxc6 $11 {. Löparparet utgör här inte någon större fördel, och man lägger
märke till att vit inom överskådlig tid inte har någon bra bondeframstöt.}) 14.
f4 $1 {Det är redan här befogat att tala om en avgörande vit fördel, även om
det naturligtvis är mycket kvar att spela om.} gxf4 15. Nxf4 e6 16. Nce2 $1 {
Pjäserna dirigeras över till kungsflygeln. En vit springare på h5 måste ge
Pytel associasioner till "järnhästen", ett medeltida spanskt tortyrredskap!}
Bb5 $1 {I ett svårt läge finner svart den enda möjliga planen: att locka fram
c2-c4 för att sedan spränga med b7-b5.} 17. c4 Bc6 18. Ng3 Kh7 {För att kunna
dra ner löparen till h8 efter Nh5 utan att h6 faller. Om svart vill fortsätta
partiet, måste han till varje pris behålla sin svartfältslöpare.} 19. Nfh5 Nxh5
20. Nxh5 Bh8 21. Qd2 b5 22. Rac1 bxc4 23. bxc4 Rb8 24. Bxh6 Rg8 25. Bf4 $1 Rb2
$5 {Svart har gjort det bästa möjliga av situationen och lyckats skapa ett
visst motspel. Men det är här viktigt att lägga märke till att dette motspel
är av tillfällig natur, medan svagheterna på kungsflygeln och därmed kungens
utsatte läge är bestående nackdelar.} 26. Rc2 Nxc4 27. Qd3 Qb6+ 28. Kh1 Ne5 29.
Rxb2 Qxb2 30. Qxd6 Bb5 31. Bxe5 $1 {Ett avslag som inte är så självklart som
det ser ut. Vit måste ytterst noga kontrollera så att motståndarens dominans
över de svarta fälten inte får någon betydelse i de kommande förvecklingarna.
Men återigen gör den svarta kungens utsatta läge att vågskålen väger över i
vits favör.} Bxe5 ({Eller} 31... Qxe5 32. Rxf7+ Kg6 33. Qe7 Qa1+ 34. Kh2 Be5+
35. Nf4+ Bxf4+ 36. Rxf4 {, och vit vinner. (} Qe5 37. Qf7+ {)}) 32. Rxf7+ Kh6 (
{Förlorar gör} 32... Kh8 33. Qe7 Qc1+ 34. Bf1 Bg7 (34... Qh6 35. Bxb5 $18) 35.
Nxg7 Rxg7 (35... Bxf1 36. Qh4+ $18) 36. Rf8+ Kh7 (36... Rg8 37. Qf6+ $18) 37.
Qh4+ $18 {. Partifortsättningen är trots allt den bästa praktiske möjligheten
i en förlorat ställning. Kanske befann sig Svein, som så många gånger förr, i
tidsnöd och då är inga ställningar lätta att vinna.}) 33. Qxe6+ Rg6 34. Qf5
Qc1+ 35. Bf1 Bxf1 36. Qxf1 Qe3 37. Rf3 Qxe4 38. Qd3 Qb7 39. Kg2 Bb8 40. Qd4 Rb6
{Dragserien är avklarat, och vit byter nu över till ett lättvunnet slutspel
som inte kräver några ytterligare kommentarer.} 41. Qxb6+ Qxb6 42. Rf6+ Qxf6
43. Nxf6 Kg5 44. Nd5 Bd6 45. Kf3 Ba3 46. Ne3 Bc5 47. Nf5 Ba3 48. h4+ Kg6 49.
Ng3 a5 50. g5 a4 51. Kg4 Bc1 52. Ne2 1-0

[Event "Rohde op 07th"]
[Site "Sautron"]
[Date "2007.10.28"]
[Round "2"]
[White "Zozulia, Anna"]
[Black "Vavrak, Peter"]
[Result "0-1"]
[WhiteElo "2347"]
[BlackElo "2454"]
[Annotator "RR"]
[PlyCount "110"]
[EventDate "2007.10.27"]
[EventType "swiss"]
[EventRounds "9"]
[EventCountry "FRA"]
[SourceTitle "EXT 2008"]
[Source "ChessBase"]
[SourceDate "2007.11.25"]
[SourceVersion "1"]
[SourceVersionDate "2007.11.25"]
[SourceQuality "1"]

1. e4 c5 2. Nf3 Nc6 3. d4 cxd4 4. Nxd4 g6 5. Nc3 (5. c4 Bg7 6. Be3 Nf6 7. Nc3)
5... Bg7 6. Nb3 {Une ligne secondaire pas trés ambitieuse} (6. Be3 $142) 6...
Nf6 7. Be2 O-O 8. O-O d6 9. Bg5 (9. Re1) 9... Be6 (9... a6) (9... a5 {[%cal
Ga5a4]} 10. a4 $8) 10. Re1 (10. Kh1) (10. f4) 10... Rc8 (10... a5 {[%cal Ga5a4]
} 11. a4) 11. Bf1 Nd7 12. Qd2 Re8 ({RR} 12... a5 13. Bh6 Bxh6 14. Qxh6 a4 15.
Nxa4 Nb4 16. Nd4 Nxc2 17. Nxc2 Rxc2 18. Bd3 Rc8 19. Qd2 Ne5 20. Be2 Ra8 21. Nc3
Qb6 22. Bb5 Bxa2 23. Kh1 Bc4 24. Rxa8 Rxa8 25. Bxc4 Nxc4 26. Qe2 Qb3 27. h3 {
Odeev,H (2442)-Tiviakov,S (2608)/Saint Vincent 2000/CBM 078/0-1 (32)}) 13. Rad1
$146 (13. Rab1 $2 {Van Himbergen,H-Tiviakov,S (2567) Zwolle KPMG op (1) 0-1})
13... Na5 14. Nb5 Nxb3 15. axb3 f6 16. Bh6 a6 17. Nd4 Bf7 18. Bxg7 Kxg7 19. Re3
{[%csl Rh6][%cal Ge3h3]} Kh8 20. Rh3 Rg8 21. Bc4 Bxc4 22. bxc4 Nf8 (22... Rxc4
$2 23. Qh6 Rg7 24. Qxg7+ $1 Kxg7 25. Ne6+ {[%cal Ge6d8,Gf6g7]}) 23. b3 Qe8 24.
Ne2 Ne6 25. Nf4 {[%csl Gd5]} Nxf4 $1 26. Qxf4 b5 27. cxb5 axb5 28. Rd2 Rc5 29.
Rhd3 Qc6 30. Qf3 Kg7 31. h3 Rc8 32. Rd5 Rxc2 33. Rxc2 Qxc2 34. Rxb5 Rc3 $17 35.
Qg4 Rxb3 36. Rxb3 Qxb3 37. Kh2 Qc4 {[%cal Gc4g4]} 38. Qf3 Qd4 39. g3 Qe5 40.
Qd3 f5 $5 {[%csl Gd6][%cal Gd6d1] cherche а créer un P passé} 41. exf5 gxf5 42.
Qc4 d5 $40 {[%cal Gd5d1]} 43. Qb4 d4 44. Qd2 h6 45. h4 Qd5 46. Qb4 Kf7 47. Qd2
d3 48. Qxh6 d2 49. Qh5+ Ke6 50. Qd1 Qd3 51. Kg2 Kf6 52. f3 e5 53. h5 Kg5 54.
Kf2 e4 55. fxe4 fxe4 0-1